Cartas sobre Judaísmo y Cristianismo
Gespeichert in:
| Hauptverfasser: | , |
|---|---|
| Format: | Buch |
| Sprache: | Spanisch |
| Veröffentlicht: |
Salamanca
Ediciones Sígueme
2017
|
| Ausgabe: | 1a. ed |
| Schriftenreihe: | Hermeneia, 114
|
| Schlagworte: | |
| Tags: |
Tag hinzufügen
Keine Tags, Fügen Sie den ersten Tag hinzu!
|
MARC
| LEADER | 00000cam a2200000 a 4500 | ||
|---|---|---|---|
| 001 | UCC3281 | ||
| 003 | CL-VaPUC | ||
| 008 | 180427e20170000sp |||||||||||||||||spa|d | ||
| 020 | |a 9788430119738 | ||
| 082 | 0 | 4 | |a 296 |b ROS |2 21 |
| 100 | 0 | |a Rosenzweig, Franz |e author |9 597283 | |
| 700 | 0 | |a Rosenstock, Eugen |e author |9 597284 | |
| 245 | 1 | 0 | |a Cartas sobre Judaísmo y Cristianismo |
| 250 | |a 1a. ed | ||
| 300 | |a 189 p | ||
| 942 | |c BK | ||
| 945 | |d 20180427 13:12:00 |a dcastane | ||
| 260 | |a Salamanca |b Ediciones Sígueme |c 2017 | ||
| 650 | 0 | |a Judaísmo |9 269348 | |
| 650 | 0 | |a Cristianismo |9 257361 | |
| 650 | 0 | |a Ensayos |9 268724 | |
| 650 | 0 | |a Filosofía de la religión |9 256017 | |
| 583 | |a last modification |c 20180427 13:12:00 |k Rodrigo Vera | ||
| 490 | 0 | |a Hermeneia, 114 | |
| 999 | |c 371042 |d 371040 | ||
| 952 | |0 0 |1 0 |3 erb |4 0 |6 296_000000000000000_ROS_2017 |7 0 |8 A |9 487915 |a BIBTEO |b BIBTEO |i 5468582 |o 296 ROS 2017 |p 5468582 |r 2025-01-17 |w 2019-11-24 |y BK |z Catalogado en:20180427 |k ICR | ||